Music Quiz

Random Music or Lyrics Quiz

Finish the Beatles Lyric Quiz Stats

 Plays Quiz not verified by Sporcle

Challenge
Share
Tweet
Embed
Score 0/20 Timer 10:00
0 Plays Today
Lyrics (+ # of words in answer) next line % Correct
I am he as you are he as you are me and...(4)we are all together
87.7%
Will you still need me, will you still feed me...(3)when I'm sixty-four
84%
I don't care too much for money...(5)money can't buy me love
79.7%
Now it looks as though they're here to stay, oh...(4)I believe in yesterday
73.4%
Living is easy with eyes closed...(4)misunderstanding all you see
64.9%
Well you should see Polythene Pam, she's so good-looking but...(5)she looks like a man
61.8%
She told me she worked in the morning and...(3)started to laugh
56.2%
Jojo left his home in Tucson, Arizona...(4)for some california grass
53.7%
No one will be watching us...(8)why don't we do it in the road
53.6%
And then while I'm away...(4)I'll write home everyday
53.2%
Lyrics (+ # of words in answer) next line % Correct
Should five percent appear too small...(7)be thankful I don't take it all
49%
This happened once before, when I came to your door...(2)no reply
48.7%
Last night I said these words to my girl, I know you...(4)never even try girl
43.8%
It's you she's thinking of, and...(6)she told me what to say
41.6%
Rocky said 'Doc, it's only a scratch, and I'll be better, I'll be better, Doc...(6)as soon as I am able
40.1%
When the rain comes, they run and...(3)hide their heads
35.7%
Half of what I say in meaningless, but I say it...(4)just to reach you
34.3%
Believe me when I tell you...(6)I'll never do you no harm
32%
Please don't spoil my day...(3)I'm miles away
30.9%
A man must break his back to earn his day of pleasure, will she...(6)still believe it when he's dead
29.2%

You're not logged in!

Compare scores with friends on all Sporcle quizzes.
OR
Log In

You Might Also Like...

Show Comments

Extras

Top Quizzes Today


Score Distribution

Your Account Isn't Verified!

In order to create a playlist on Sporcle, you need to verify the email address you used during registration. Go to your Sporcle Settings to finish the process.

Report this User

Report this user for behavior that violates our Community Guidelines.

Details: